| 000 | 00846nam a2200181 a 4500 | ||
|---|---|---|---|
| 008 | 070219s2005 xx |||||||||||||| || u | ||
| 050 | _aTHESIS | ||
| 100 | _aMusenge, Mutale Michael | ||
| 245 | 1 | 0 |
_aNumerical optimisation and manufacture of a domestic solar water heating system _cthesis by Achillies Mulakwa Kanja, Brian Nawa Mangani, Asa C. Mulenga, and Michael Mutale Musenge and supervised by E. Luwaya |
| 260 |
_a _bCopperbelt University, School of Technology, Electrical Engineering Department _c2005 |
||
| 350 | _a0.00 | ||
| 650 | _aELECTRIC ENGINEERING | ||
| 650 | 0 | _aELECTRONICS | |
| 700 | _aMulenga, Asa | ||
| 700 | _aMangani, Nawa Brian | ||
| 700 | _aKanja, Mulakwa Achillies | ||
| 995 |
_D0.00 _FCBU-MAIN LIBRARY (Kitwe) _H1 _I0.00 _M1 _UAVAILABLE _WFeb 19, 2007 _ZUniversity Collection |
||
| 999 |
_c52432 _d52432 |
||